02983njm a2200493Ia 450000100060000000300090000600500170001500800410003204000130007304000130008604100130009910000110011210000180012310000380014124500200017925000110019926000110021026000480022130000100026930000290027950001890030850504680049751100220096551100180098751100210100551100370102651100360106351100150109951100180111465000570113270001360118970000840132570001150140970000870152470001020161170000860171370001030179970001140190270000790201670001030209570000970219870000910229570001030238620764IT-RoPAU20220918181122.0131025s9999 xx 000 0 und d aIT-RoPAU cIT-RoPAU aITALIANO aAA.VV. eAutore musica gCodice autore musica SPICS: 12000 aCampagna bella! a2a ed. aMILANO bFRATELLI FABBRI EDITORIc1982 [1a Ed.:1970] aDISCO c25 minuti (Testo: pag.) aLa canzone italiana. La canzone e la cronaca. Abruzzo, pace, felicità, amore, mamma, ricordi, preghiera, sposare un pastorello, alpino che torna, vivere in campagna, cercare l'amore. aReginella campagnola [(Di Lazzaro/Bruno-Consolini) (3:00)] - Campane [(Cherubini/Di Lazzaro-Villa) (4:00)] - Amor di pastorello [(Nutile/Bovio-Togliani) (3:00)] - Fiorin fiorello [(Mascheroni/Mendes-Villa) (3:00)] - Rosabella del Molise[ (Di Lazzaro/Giampa-Bonino/Fioresi) (4:00)] - Chiesetta alpina [(De Martino/Arrigo-Fioresi-Carboni) (4:00)] - Se vuoi goder la vita [(Cherubini/Bixio-Buti) (3:00)] - Op op trotta cavallino [(Kramer/Frati-Nella Colombo) (4:00)] aConsolini Giorgio aVilla Claudio aTogliani Achille aBonino Ernesto e Fioresi Silvana aFioresi Silvana e Carboni Oscar aButi Carlo aColombo Nella aCANZONE ITALIAN [DISCHI]eCodice MATERIA SPICS: 9950 aDi Lazzaro EldodCodice autore testo/musica SPICS: 13500eAutore testo/musicpReginella campagnola - Campane - Rosabella del Molise aBruno C.dCodice autore SPICS: 13502eAutore SPICS: 13502pReginella campagnola aCherubini BixiodCodice autore testo/musica SPICS: 13442eAutore testo/musicapCampane - Se vuoi goder la vita aBovio LiberodCodice autore musica SPICS: 13462eAutore musicapAmor di pastorello aNutile EmanueledCodice autore testo/musica SPICS: 13525eAutore testo/musicapAmor di pastorello aMendes PeppinodCodice autore musica SPICS: 13135eAutore musicapFiorin fiorello aMascheroni VittoriodCodice autore testo/musica SPICS: 13134eAutore testo/musicapFiorin fiorello aGianipa (Giampa-Palmieri Gian Nicola)dCodice autore musica SPICS: 14194eAutore musicapRosabella del Molise aArrigodCodice autore musica SPICS: 16131eAutore musicapChiesetta alpina aDe Martino ErnestodCodice autore testo/musica SPICS: 7351eAutore testo/musicapChiesetta alpina aBixio Cesare AndreadCodice autore musica SPICS: 13441eAutore musicapSe vuoi goder la vita aFrati EnricodCodice autore musica SPICS: 13443eAutore musicapOp op trotta cavallino aKramer GornidCodice autore testo/musica SPICS: 11552eAutore testo/musicapOp op trotta cavallino